|
|
|
|
| LEADER |
00922nam a2200205 i 4500 |
| 001 |
acta38737 |
| 005 |
20230508145618.0 |
| 008 |
161201s1983 hu o 0|| ger d |
| 022 |
|
|
|a 0133-4239
|
| 040 |
|
|
|a SZTE Egyetemi Kiadványok Repozitórium
|b hun
|
| 041 |
|
|
|a ger
|
| 100 |
1 |
|
|a Berta Árpád
|
| 245 |
1 |
0 |
|a Tatarische etymologische Studien I.
|h [elektronikus dokumentum] :
|b die russischen Lehnwörter in der Mundart der getauften Tataren /
|c Berta Árpád
|
| 260 |
|
|
|a Universitas Szegediensis de Attila József nominata
|b Szeged
|c 1983
|
| 300 |
|
|
|a 106 p.
|c 24 cm
|
| 490 |
0 |
|
|a Studia uralo-altaica
|v 21
|
| 650 |
|
4 |
|a Bölcsészettudományok
|
| 650 |
|
4 |
|a Nyelvek és irodalom
|
| 695 |
|
|
|a Tatár nyelv - orosz jövevényszavak - tanulmányok, Tatár nyelvjárás - etimológia - tanulmányok, Etimológia - tatár nyelvjárás - tanulmányok
|
| 856 |
4 |
0 |
|u http://acta.bibl.u-szeged.hu/38737/1/altaica_021.pdf
|z Dokumentum-elérés
|